| 000 | 01631nam a22002895a 4500 | ||
|---|---|---|---|
| 003 | OSt | ||
| 005 | 20170509124158.0 | ||
| 008 | 170509s2013 qa a fr f000 0 ara d | ||
| 020 | _a9789953025940 | ||
| 040 |
_aEG-ScBUE _bara _cEG-ScBUE _dEG-ScBUE |
||
| 043 | _ama----- | ||
| 082 | 0 | 4 |
_222 _a330.917621 _bن م و |
| 245 | 0 | 2 |
_aالنمو الاقتصادي والتنمية المستدامة في الدول العربية : _bالأبعاد السياسية والاجتماعية / _cأحمد محمد أبو زيد ... [وآخ.] |
| 246 | 3 | 3 |
_aEconomic growth and sustainable development in the Arab Countries : _bthe political and social dimensions |
| 250 | _aط. 1. | ||
| 260 |
_aالدوحة : _bالمركز العربي للأبحاث ودراسة السياسات، _c2013. |
||
| 300 |
_a559 ص. : _bإيض. ؛ _c24 سم. |
||
| 504 | _aيشتمل على إرجاعات ببليوجرافية. | ||
| 611 | 2 | 7 |
_aالمؤتمر السنوي للعلوم الاجتماعية والإنسانية من النمو المعاق إلى التنمية المستدامة : أي سياسات اقتصادية واجتماعية للأقطار العربية _d(2012 : _cالدوحة - قطر) |
| 650 | 7 |
_2BUEsh _aالتنمية المستدامة _zالبلاد العربية. |
|
| 651 | 7 |
_2BUEsh _aالبلاد العربية _xسياسة اقتصادية. _927930 |
|
| 651 | 7 |
_2BUEsh _aالبلاد العربية _xأحوال اجتماعية. |
|
| 651 | 7 |
_aالبلاد العربية _xسياسة وحكومة. _927979 _2BUEsh |
|
| 653 |
_bGGEN _cMay2017 |
||
| 700 | 1 |
_aأبو زيد، أحمد محمد. _922279 |
|
| 942 | _2ddc | ||
| 999 |
_c24811 _d24783 |
||